Vista normal
Vista MARC
- Asepsia - instrumentos
Entrada Término temático
Número de registros utilizados en: 1
001 - NÚMERO DE CONTROL
- campo de control: 11933
003 - IDENTIFICADOR DE NÚMERO DE CONTROL
- campo de control: gtgcusco
005 - FECHA Y HORA DE LA ÚLTIMA TRANSACCIÓN
- campo de control: 20250424081432.0
008 - ELEMENTOS DE DATO DE LONGITUD-FIJA
- campo de control de longitud fija: 250424|| aca||aabn | a|a d
040 ## - FUENTE DE CATALOGACIÓN
- Centro catalogador/agencia de origen: gtgcusco
- Centro/agencia transcriptor: gtgcusco
150 ## - ENCABEZAMIENTO--TÉRMINO DE MATERIA
- Término de materia o nombre geográfico como elemento de entrada: Asepsia - instrumentos
670 ## - FUENTE DE DATOS ENCONTRADOS
- Cita de la fuente: Work cat.: (gtgcusco)4782: Rodríguez González, Celeste Yazmina 11932, Determinación e identificación de microorganismos aerobios y anaerobios facultativos presentes en el instrumental de mano de uso múltiple y cortante rotatorio previo a ser utilizado en procedimientos clínicos por los odontólogos practicantes en las clínicas de la facultad de Odontología, de la Universidad de San Carlos de Guatemala, en el año 2001 /, 2001.

